000 00784cab a2200241 4500
001 WB2737-04
008 090401t1991 xxu||||| |||| 00| 0 eng d
035 _a(Sirsi) u55518
041 _aeng
100 _aEnsom, Tony
245 _aDealing with retention monies
260 _c1991
350 _a0
490 _aCS Monthly
_bthe Building Surveyor
_v(1) September 1991, 12(1)
520 _aDescribes the wide differences in procedures and the ways in which retention monies are dealt with in various JCT forms.
650 _aJCT STANDARD FORM OF BUILDING CONTRACT (1980 EDITION)
650 _aJCT IMTERMEDIATE FORM
650 _aJCT MINOR WORKS
650 _aRETENTION MONIES
690 _aBUILT ENVIRONMENT-BUILDING CONTRACT FORMS
942 _n0
948 _c04/03/1997
999 _c33922
_d33922